| 000 | 00797nam a22002057a 4500 | ||
|---|---|---|---|
| 008 | 081020t xxu||||| |||| 00| 0 eng d | ||
| 010 | _aENG-84077 | ||
| 020 | _a8176298778 | ||
| 020 | _c880.00 (hb) | ||
| 035 | _aEN-67610 | ||
| 082 | _a378.54 | ||
| 245 |
_aHigher education and global challenges: _bsystems and opportunities / _cedited by P P Arya |
||
| 260 |
_aNew Delhi _bDeep and Deep Publications _eF-159, Rajouri Garden, New Delhi-110027 |
||
| 260 | _c2006 | ||
| 300 |
_axiii,317p _c24cm |
||
| 500 | _aIncludes bibliographical references and index | ||
| 700 | _aArya, P P | ||
| 942 |
_2ddc _cEN _h378.54 _m HIG |
||
| 999 |
_c17044 _d17044 |
||